|
|
|
|
| LEADER |
01388nam a2200265 a 4500 |
| 001 |
15578603 |
| 008 |
091020s2000 su b 001 0 eng d |
| 010 |
|
|
|a 2008416715
|
| 020 |
|
|
|a 9960616185
|
| 040 |
|
|
|a NNMM
|c STF
|d OCLCQ
|d DLC
|
| 082 |
0 |
0 |
|a 340.5/9
|2 21
|
| 100 |
1 |
|
|a Qaraḍāwī, Yūsuf.
|
| 240 |
1 |
0 |
|a Madkhal fī dirāsat al-sharīʻah al-Islāmīyah
|l English
|
| 245 |
1 |
0 |
|a Islamic law in the modern world /
|c Yusuf al-Qaradawi ; translated by Al Hadi A. Khalifa ; revised and edited by Omar Johnstone and Daoud Williams S. Peachy, Maneh Hammad Al-Johani.
|
| 260 |
|
|
|a Riyadh :
|b Wamyh House International for Printing, Pub. and Distribution :
|b King Faisal Center for Research and Islamic Studies,
|c c2000.
|
| 300 |
|
|
|a 169 p. ;
|c 24 cm.
|
| 546 |
|
|
|a Translated from Arabic.
|
| 504 |
|
|
|a Includes bibliographical references (p. [161]-166) and index.
|
| 541 |
1 |
|
|e 00015282
|
| 650 |
|
0 |
|a Islamic law.
|
| 650 |
|
0 |
|a Islam
|y 20th century.
|
| 852 |
4 |
|
|a Ayesha Abed Library
|j General Shelf.
|
| 999 |
|
|
|c 4751
|d 4751
|
| 952 |
|
|
|0 0
|1 0
|2 ddc
|4 0
|6 340_590000000000000_ISL_2000
|7 0
|9 4556
|a BRACUL
|b BRACUL
|c GEN
|d 2009-10-21
|g 175.00
|l 6
|m 46
|o 340.59 ISL
|p 3010015282
|r 2020-02-05
|s 2019-11-16
|t 1
|v 350.00
|w 2009-10-21
|y BK
|
| 952 |
|
|
|0 0
|1 0
|2 ddc
|4 0
|6 340_590000000000000_ISL_2000
|7 0
|9 4557
|a BRACUL
|b BRACUL
|c GEN
|d 2009-10-21
|g 120.00
|l 3
|m 4
|o 340.59 ISL
|p 3010015250
|r 2018-05-15
|s 2018-05-09
|t 2
|w 2009-10-21
|y BK
|